Najwięcej występów w reprezentacji Francji - Statystyki

Ogólne statystyki
  • Ten quiz został rozwiązany 530 razy
  • Średni wynik to 6 z 10
Statystyki odpowiedzi
Miejsce Zawodnik Lata gry Mecze Bramki % Poprawnych
7 Zinédine Zidane 1994–2006 108 31
85%
1 Hugo Lloris 2008–2022 145 0
81%
5 Thierry Henry 1997–2010 123 51
80%
3 Olivier Giroud 2011–obecnie 131 57
73%
4 Antoine Griezmann 2014–obecnie 127 44
64%
10 Karim Benzema 2007–2022 97 37
61%
2 Lilian Thuram 1994–2008 142 2
40%
6 Marcel Desailly 1993–2004 116 3
30%
8 Patrick Vieira 1997–2010 107 6
27%
9 Didier Deschamps 1989–2000 103 4
25%
Nie znaleziono quizów pasujących do podanych kryteriów
Rozkład punktacji
Procent ludzi z każdym wynikiem
Percentyl według liczby udzielonych odpowiedzi
Twoja historia wyników
Nie rozwiązałeś tego quizu